000 00511nam a2200205Ia 4500
005 20241216011009.0
008 190212s9999||||xx |||||||||||||| ||und||
082 _a610.73
_bW74
100 _aWITTER DUGAS, BEVERLY
245 0 _aTRATADO DE ENFERMERIA PRACTICA
250 _a3
260 _aMEXICO
_bINTERAMERICANA
_c1979
300 _a544 pag
_c25 cm
341 _h0
490 _v0
_a0
541 _aC
_d20-Dec-93
_oSoles
650 _aCIENCIAS APLICADAS
856 _zCiencias Aplicadas
942 _cLIBRO
999 _c29821
_d29821